MDQL
is popping MORE tags! Check the
thread
!
Quizzes
Events
Quiz Creation
Community
Videos
Private Events
Remove Ads
Sign In
Join for FREE
Feedback
Dark Mode
Quiz Categories
Sports
Geography
Music
Movies
Television
Just For Fun
Miscellaneous
History
Literature
Language
Science
Gaming
Entertainment
Religion
Holiday
For Kids
Quiz Lab
Recent
Popular Today
Quiz Kudos Today
Editor Picks
Curator Picks
Quizzes by...
Day
Popularity
Type
Ratings
Length
Year
Community
Subscriptions
Recent Discussions
Orange Saloon
Badges
Playlists
Quests
Create
Leaderboards
Showdown
Live 5
Trivia Bingo
Activity
Puzzle Library
Sporcle Events
Private Events
Virtual Trivia
Globe League
Become a Host
Pub Owners
SporcleCon
Opinionation
Our Games
Videos
Blog
Mobile Apps
Partnerships
Remove Ads and Go Orange
Feedback
Music
Pop Music
The Beatles
Song
Album
Lyrics
Bands
Singers
Artist
Clip
Rock
Rap
Classical
Billboard
Country Music
Kpop
Taylor Swift
Music
Pop Music
The Beatles
Song
Album
Lyrics
Bands
Singers
Artist
Clip
Rock
Rap
Classical
Billboard
Country Music
Kpop
Taylor Swift
Random Quiz
Search Sporcle
×
Quiz Lab
Quiz Lab
Music
Song
Type answers that appear on an image
Type answers that appear on an image
Map
Best Score? Go Orange.
Weezer 'Butterfly' Lyrics Map Stats
Can you name the lyrics to 'Butterfly' by Weezer?
By
bearfoot21
8m
177 Questions
375 Plays
375 Plays
375 Plays
Comments
Comments
Give Quiz Kudos
Give Quiz Kudos
-
- Ratings
hide this ad
Replay
Link that replays current quiz
Next Quiz
Link to next quiz in quiz playlist
You Got
0%
They Got
Avg Score
81%
Avg Friend Score
Upgrade to see
Score Distribution
Jump to the score distribution portion of the page
Score
0/177
Timer
08:00
0
Plays Today
% Correct
a
99.2%
The
99.2%
a
99.2%
a
99.2%
A
99.2%
The
99.2%
the
99.2%
I
97.3%
I
97.3%
I
97.3%
I
97.3%
I
97.3%
I
97.3%
I
97.3%
I
97.3%
I
97.3%
I
97.3%
I
97.3%
I
97.3%
I
97.3%
I
97.3%
I
97.3%
I
97.3%
I
97.3%
I
97.3%
I
97.3%
I
97.3%
I
97.3%
I
97.3%
butterfly
97.1%
butterfly
97.1%
But
97.1%
my
95.2%
my
95.2%
my
95.2%
my
95.2%
my
95.2%
you
91.5%
you
91.5%
you
91.5%
you
91.5%
to
91.2%
to
91.2%
to
91.2%
to
91.2%
I'm
89.9%
I'm
89.9%
I'm
89.9%
I'm
89.9%
I'm
89.9%
I'm
89.9%
with
89.1%
with
89.1%
went
88.8%
Caught
88.5%
Yesterday
88%
outside
88%
me
88%
me
88%
% Correct
me
88%
jar
87.7%
for
87.2%
what
87.2%
what
87.2%
what
87.2%
for
87.2%
for
87.2%
what
87.2%
what
87.2%
what
87.2%
did
86.9%
did
86.9%
do
86.9%
did
86.9%
did
86.9%
do
86.9%
mason
86.1%
lovely
85.9%
sorry
85.9%
sorry
85.9%
sorry
85.9%
sorry
85.9%
sorry
85.9%
told
84.8%
told
84.8%
told
84.8%
away
83.7%
away
83.7%
away
83.7%
away
83.7%
away
83.7%
away
83.7%
mama's
82.7%
in
82.7%
in
82.7%
It
82.4%
it
82.4%
No
82.1%
didn't
81.9%
didn't
81.9%
When
81.6%
when
81.6%
mean
81.1%
mean
81.1%
body
80.8%
body
80.8%
harm
80%
harm
80%
your
79.5%
more
78.1%
you're
78.1%
you're
78.1%
on
77.9%
on
77.9%
think
77.6%
think
77.6%
want
77.1%
slips
77.1%
% Correct
slips
77.1%
want
77.1%
slips
77.1%
slips
77.1%
all
76.8%
her
76.8%
had
76.5%
up
76.3%
today
75.5%
She
75.5%
woke
74.9%
then
73.9%
breast
73.6%
bitch
73.6%
would
73.3%
withered
73.1%
dog
72.8%
can
72%
sighing
71.5%
Everytime
70.9%
Everytime
70.9%
If
70.7%
back
70.7%
return
70.1%
coming
69.9%
never
69.6%
can't
68.5%
robin
68.5%
nest
68.5%
down
68%
down
68%
of
67.7%
as
66.9%
as
66.9%
makes
66.4%
days
65.6%
ain't
65.6%
looked
65.3%
fairy
65.3%
pin
64.8%
pin
64.8%
life
64.5%
wash
64.3%
hand
64%
chasing
63.7%
smell
62.9%
scent
62.7%
real
61.9%
live
61.6%
his
61.3%
that
61.1%
pet
60%
need
58.7%
ghost
58.4%
ghost
58.4%
guess
57.1%
Maybe
56%
Maybe
56%
fantasies
37.6%
Quiz Playlist
Details
Report
Send in Message
Add To Playlist
Map:
Type answers that appear on an image
Last Updated: Jul 10, 2017
Quiz Scoreboard
CHALLENGE
Sign Up to Join the Scoreboard
Show All
Scores
Hide
Comments
May contain spoilers
Recently Published
5x2 Blitz: Bands
by SL_Kpop136
Music
30s
Colored Red Africa Blitz
by spor1
Geography
30s
Find the 'City' Movie
by crazypaving
Movies
60s
More to Explore
Quiz From the Vault
Featured Blog Post
14 Easter Pick-up Lines to Find Eggs With
hide this ad
You Might Also Like...
Tags
Lyrics Quiz
Rock Quiz
Song Quiz
1990s
Alternative
Alternative Music
Alt Rock
Pinkerton
Rock Lyrics
Weezer
Today's Top Quizzes in Music
Browse Music
hide this ad
Today's Top Quizzes in Song
Browse Song
Top Contributed Quizzes in Music
1
5X2 Blitz: Bands II
2
5X2 Blitz: The Beatles
3
Taylor Swift All Songs (2024)
4
5X2 Blitz: Billboard
5
Taylor Swift Logic Puzzle II
6
5X2 Blitz: Billboard II
7
5X2 Blitz: Singers
8
5X2 Blitz: Album
9
5X2 Blitz: Rock
10
5X2 Blitz: Lyrics
Explore More
Trending Topics
Marvel
NBA
Kpop
Crossword
Anime
Harry Potter
Disney
NFL
WWE
Puzzle
Country
Pokémon
Soccer
The Office
Song
hide this ad
More By:
bearfoot21
Quiz
Plays
Rating
Category
Featured
Created
'Santeria' Lyrics
24,877
4.55
Music
Apr 21, 2013
'God Only Knows' Lyrics
22,025
4.76
Music
Aug 23, 2013
Twenty One Pilots 'Tear in My Heart' Lyrics
18,313
4.96
Music
May 25, 2015
Drake 'Hotline Bling' Lyrics
8,181
5.00
Music
Sep 18, 2015
The Weeknd 'The Hills' Lyrics
6,325
4.56
Music
Sep 17, 2015
Go to Creator's Profile
Score Distribution
Quiz Creator Spotlight
bearfoot21
Follow
Send a Message
Quizzes Created
-
Created Quiz Play Count
-
More By This Creator
Popular Quizzes Today
1
Colored Red Africa Blitz
2
Find the 'City' Movie
3
Find the US States - No Outlines Minefield
4
5x2 Blitz: Bands
5
The Countries of the World
6
Find the US States
7
US States
8
Find the Countries of Europe - No Outlines Minefield
More Music Quizzes
Post Malone or Taylor Swift: Choose the Song
Quiz Lab
Trending Quizzes
Colored Red Europe Blitz I
Colored Red Africa Blitz II
Colored Red Europe Blitz II
Colored Red Europe Blitz III
Colored Red Africa Blitz III
Recently Updated
How Do You Spell That?
pecheneg
Godzilla Movies
pecheneg
Grab Bag: 4-10 Letters
pecheneg
2024 March Madness Bracket
pecheneg
Famous TV Couples
Peacemaker
Champions League XIs: Real Madrid
pecheneg
Largest US Cities 1790-2010
pecheneg
Rides in Walt Disney World
pecheneg
Most Oscar Losses (Acting)
pecheneg
Beyoncé Albums
pecheneg
Trending Topics
NBA
Harry Potter
Disney
Anime
Crossword
Marvel
Kpop
Puzzle
The Office
NFL
Song
Pokémon
Soccer
WWE
Country
Your Account Isn't Verified!
In order to create a playlist on Sporcle, you need to verify the email address you used during registration. Go to your
Sporcle Settings
to finish the process.
Report this User
Report this user for behavior that violates our
Community Guidelines
.
Details:
Send Report
Go to the Sporcle.com Mobile Site →
Comments